Responses for Show #3315 - Friday, January 22, 1999

Contestants

[<< previous game]

Amy Rosenfeld, an environmental policy specialist from Washington, D.C.

Earl Smith, a state fraud manager from Detroit, Michigan

Mark Whittinghill, a computer technician and musician from Fayetteville, Arkansas (whose 1-day cash winnings total $17,799)

[next game >>]

Jeopardy! Round responses

MANY "NATION"s
FRENCH HISTORY
BRITISH LITERATURE
ITALIAN ART
SWEDISH ACTRESSES
AMERICAN BEER
    $100 11
"One Nation Under God"

Earl
    $100 1
Charles de Gaulle

Earl
    $100 16
Christopher Marlowe

Mark
    $100 20
Mary

Amy
    $100 25
(Alex: And we have less than a minute to go.)

Greta Garbo

Mark
    $100 4
Budweiser

Amy
    $200 12
Carry Nation

Mark
    $200 2
Hundred Years' War

Mark
    $200 17
The Lord of the Rings

Amy
    $200 21
Moses

Amy
    $200 26
Ingrid Bergman

Earl
    $200 5
Coors

Mark
    $300 13
Face The Nation

Amy
    $300 3
Gaul

Earl
    $300 18
P.G. Wodehouse

Triple Stumper
    $300 22
Titian

Amy
    $300 27
Ann-Margret

Triple Stumper
    $300 6
Pabst Blue Ribbon

Mark
    $400 14
Alien Nation

Mark
    $400 9
(Mark: Who is Charles?)

Louis I

Mark
Triple Stumper
    $400 19
(Alex: That's where we get the term "malapropisms" from)

Mrs. Malaprop

Triple Stumper
    $400 23
Leonardo da Vinci

Amy
    $400 28
(Amy: What is Brigit?)

Bibi

Amy
Triple Stumper
    $400 7
St. Louis (Anheuser-Busch)

Earl
    $500 15
Most Favored Nation

Amy
    $500 10
Cardinal Richelieu

Mark
    $500 30
(Alex: Strange story, isn't it? I think I'll dig her up - I need the dough for the poems!)

Dante Gabriel Rossetti

Amy
    $900 24
Amedeo Modigliani

Amy
    $500 29
Lena Olin

Amy
    $500 8
Schlitz

Triple Stumper

Scores at the first commercial break (after clue 15):

Mark Earl Amy
$1,400 $900 $900

Scores at the end of the Jeopardy! Round:

Mark Earl Amy
$1,600 $1,100 $3,600

Double Jeopardy! Round responses

OLD TESTAMENT WOMEN
ARROWS
BASEBALL HALL OF FAMERS
(Alex: You have to name the team.)
PEN NAMES
AFRICA
HOMOPHONES
    $200 7
Ruth

Mark
    $200 18
(Amy: What is Taurus?)

Sagittarius

Amy
Triple Stumper
    $200 1
New York Yankees

Mark
    $200 12
Erle Stanley Gardner

Triple Stumper
    $200 2
Egypt

Mark
    $200 13
Naval/navel

Mark
    $400 8
(Earl: Who is Bathsheba?)

Esther

EarlAmy
    $400 19
(Earl: What is Chrysler?)
(Alex: Be more specific.)
(Earl: What is...sorry.)
...
(Alex: [*] is a division of Chrysler.)

Plymouth

MarkEarl
    $400 25
Cincinnati Reds

Mark
    $400 23
L. Frank Baum

Mark
    $400 3
Cameroon

Mark
    $400 14
Write/rite

Amy
    $600 9
Jezebel

Mark
    $600 20
Hamlet

Amy
    $600 28
Brooklyn/Los Angeles Dodgers

Earl
    $600 24
(Amy: Who is Andy Capp?)

Al Capp

EarlAmy
    $600 4
Atlas Mountains

Mark
    $600 15
Canvass/canvas

Mark
    $800 10
Rachel

Amy
    $800 21
(Earl: What is dry cleaning?)

Sanforizing (pre-shrinking them)

Earl
Triple Stumper
    $800 29
Philadelphia Phillies

Amy
    $800 26
(Earl: Who is Tompkins?)

William Makepeace Thackeray

Earl
Triple Stumper
    $800 5
Kalahari

Mark
    $800 16
Holy/wholly

Amy
    $1,200 11
Deborah

Amy
    $1000 22
Henry Wadsworth Longfellow

Triple Stumper
    $1000 30
(Earl: Who are the Braves?)
(Alex: Ohhh no.)

the Baltimore Orioles

Earl
Triple Stumper
    $1000 27
Marcel Proust

Mark
    $2,000 6
Henry Stanley

Mark
    $1000 17
Reek/wreak

Mark

Scores at the end of the Double Jeopardy! Round:

Mark Earl Amy
$10,600 -$1,100 $7,800

[wagering suggestions for these scores]

Final Jeopardy! Round responses

SPACEFLIGHT
(Alex: In the news lately.)
AmyWho is Lovell?
$7,800
MarkWho is White
$5,001
John Young

Final scores:

Mark Earl Amy
$5,599 -$1,100 $0
2-day champion: $23,398 3rd place: Panasonic LCD Palmcorder 2nd place: Trip to Mexico City & Ixtapa

Game dynamics:

Coryat scores:

Mark Earl Amy
$9,600 -$1,100 $7,200
23 R
(including 1 DD),
1 W
7 R,
5 W
18 R
(including 2 DDs),
3 W

Combined Coryat: $15,700

[game clues] [game scores] [suggest correction]

Game tape date: 1998-11-17
The J! Archive is created by fans, for fans. Scraping, republication, monetization, and malicious use prohibited; this site may use cookies and collect identifying information. See terms. The Jeopardy! game show and all elements thereof, including but not limited to copyright and trademark thereto, are the property of Jeopardy Productions, Inc. and are protected under law. This website is not affiliated with, sponsored by, or operated by Jeopardy Productions, Inc. Join the discussion at JBoard.tv.